[Event "DEM U16 2008"]
[Site "Willingen GER"]
[Date "2008.05.11"]
[Round "2"]
[White "Kachibadze, Georg"]
[Black "Graf, Felix"]
[Result "1/2-1/2"]
[Termination "normal"]
[Board "7"]
[WhiteElo "2098"]
[BlackElo "2225"]
[PlyCount "63"]
[WhiteFideId "24640794"]
[BlackFideId "24608904"]
[EventCountry "GER"]
[EventRounds "9"]
[EventType "swiss"]
[EventDate "2008.05.10"]

1. e4 e6 2. d4 d5 3. Nc3 Nf6 4. Bg5 Bb4 5. e5 h6 6. Bd2 Bxc3 7. Bxc3 Ne4 8. Ne2
b6 9. f3 Nxc3 10. Nxc3 c5 11. f4 O-O 12. Be2 Ba6 13. O-O f6 14. Bxa6 Nxa6 15.
Qg4 f5 16. Qg6 Qd7 17. Ne2 Qf7 18. Qg3 Qh5 19. Qf3 Qxf3 20. Rxf3 Nb4 21. c3 Nc6
22. Rd1 Rfd8 23. h3 a5 24. a4 c4 25. b3 cxb3 26. Rb1 b5 27. axb5 a4 28. bxc6 a3
29. Nc1 a2 30. Nxa2 bxa2 31. Ra1 Rdb8 32. c7 1/2-1/2

[Event "DEM U16 2008"]
[Site "Willingen GER"]
[Date "2008.05.11"]
[Round "2"]
[White "Hirneise, Jens"]
[Black "Müller, Denis"]
[Result "1-0"]
[Termination "normal"]
[Board "8"]
[WhiteElo "2202"]
[BlackElo "1915"]
[PlyCount "67"]
[WhiteFideId "24614734"]
[BlackFideId "4696140"]
[EventCountry "GER"]
[EventRounds "9"]
[EventType "swiss"]
[EventDate "2008.05.10"]

1. e4 e6 2. d4 d5 3. Nc3 Bb4 4. e5 Ne7 5. a3 Bxc3+ 6. bxc3 c5 7. Nf3 Bd7 8. Rb1
Qc7 9. Bd3 Ba4 10. O-O c4 11. Be2 Nbc6 12. h4 f6 13. Bf4 Ng6 14. Bg3 fxe5 15.
Ng5 Qe7 16. Bg4 Nf8 17. Re1 h6 18. Nh3 O-O-O 19. Bxe5 Nxe5 20. Rxe5 Kb8 21. Nf4
g5 22. Nxe6 Nxe6 23. Bxe6 Qxa3 24. Bxd5 Rxd5 25. Rxd5 Qxc3 26. Qe2 Re8 27. Re5
Rd8 28. Qe4 b6 29. Re7 Rd7 30. Re8+ Kc7 31. Qa8 Qa5 32. Qb8+ Kc6 33. Rc8+ Kd5
34. Qe5# 1-0

[Event "DEM U16 2008"]
[Site "Willingen GER"]
[Date "2008.05.11"]
[Round "2"]
[White "Friedrich, Ricardo"]
[Black "Hobusch, Alexander"]
[Result "0-1"]
[Termination "normal"]
[Board "9"]
[WhiteElo "1914"]
[BlackElo "2034"]
[PlyCount "70"]
[WhiteFideId "24667170"]
[BlackFideId "24611387"]
[EventCountry "GER"]
[EventRounds "9"]
[EventType "swiss"]
[EventDate "2008.05.10"]

1. e4 e6 2. d4 d5 3. Nc3 Nf6 4. Bg5 Bb4 5. e5 h6 6. Be3 Ne4 7. Qg4 g6 8. h3
Bxc3+ 9. bxc3 Nxc3 10. Bd3 Nc6 11. h4 Ne7 12. h5 g5 13. Bd2 Ne4 14. Bxe4 dxe4
15. Qxe4 Bd7 16. Ne2 Bc6 17. Qg4 Nf5 18. O-O Qd5 19. Be3 O-O-O 20. Rfd1 Qc4 21.
Rac1 Rd5 22. Rd3 Rxe5 23. Ng3 Ra5 24. Nf1 Qxa2 25. Qd1 a6 26. Nd2 Qd5 27. Qf1
Nh4 28. f3 g4 29. Bf2 Qxh5 30. fxg4 Qxg4 31. Rg3 Qf4 32. Qe2 Rg5 33. Rxg5 hxg5
34. Qe3 Nxg2 35. Qxf4 Nxf4 0-1

[Event "DEM U16 2008"]
[Site "Willingen GER"]
[Date "2008.05.11"]
[Round "2"]
[White "Jussupow, Alexander"]
[Black "Schiffner, Kevin"]
[Result "1-0"]
[Termination "normal"]
[Board "10"]
[WhiteElo "2040"]
[BlackElo "1928"]
[PlyCount "77"]
[WhiteFideId "24613509"]
[BlackFideId "24674940"]
[EventCountry "GER"]
[EventRounds "9"]
[EventType "swiss"]
[EventDate "2008.05.10"]

1. d4 Nf6 2. Nf3 g6 3. Bf4 Bg7 4. e3 d6 5. h3 O-O 6. Be2 Nbd7 7. O-O c5 8. c3
a6 9. Nbd2 b5 10. a4 b4 11. cxb4 cxb4 12. a5 Bb7 13. Qb3 Rb8 14. Bc4 h6 15.
Rfc1 Ne4 16. Nxe4 Bxe4 17. Bxa6 Ra8 18. Bb5 Nf6 19. a6 Qb6 20. Be2 Nd5 21. Bh2
Nc7 22. Nd2 Bd5 23. Qd3 Ra7 24. Nc4 Bxc4 25. Qxc4 Ne6 26. Qc6 Qxc6 27. Rxc6
Bxd4 28. exd4 Nxd4 29. Bf3 Nxc6 30. Bxc6 Rb8 31. Bf4 Rb6 32. Bb7 Kg7 33. Bc8
Rc7 34. Be3 Rb8 35. Bg4 e6 36. Bf3 Rcc8 37. a7 Ra8 38. Bxa8 Rxa8 39. Ra4 1-0

[Event "DEM U16 2008"]
[Site "Willingen GER"]
[Date "2008.05.11"]
[Round "2"]
[White "Grünter, Martin"]
[Black "Dupont, Gabriel"]
[Result "1/2-1/2"]
[Termination "normal"]
[Board "11"]
[WhiteElo "2040"]
[BlackElo "1888"]
[PlyCount "49"]
[WhiteFideId "24640352"]
[BlackFideId "4634802"]
[EventCountry "GER"]
[EventRounds "9"]
[EventType "swiss"]
[EventDate "2008.05.10"]

1. e4 e5 2. Nf3 Nc6 3. Bc4 Bc5 4. b4 Bxb4 5. c3 Be7 6. d4 exd4 7. O-O Nf6 8. e5
Ne4 9. Bd5 Nxc3 10. Nxc3 dxc3 11. Qb3 O-O 12. Qxc3 Nb4 13. Bb3 d5 14. exd6 Qxd6
15. Ba3 a5 16. Rac1 c5 17. Rfd1 Qc7 18. Bxb4 axb4 19. Qxb4 Qxh2+ 20. Nxh2 cxb4
21. Rc7 Bf6 22. Rdc1 Bc3 23. Rd1 Ra6 24. Rxf7 Be6 25. Rxb7 1/2-1/2

[Event "DEM U16 2008"]
[Site "Willingen GER"]
[Date "2008.05.11"]
[Round "2"]
[White "Löhrke, Michael"]
[Black "Tiemann, Christoph"]
[Result "0-1"]
[Termination "normal"]
[Board "12"]
[WhiteElo "1832"]
[BlackElo "2077"]
[PlyCount "88"]
[BlackFideId "24676900"]
[EventCountry "GER"]
[EventRounds "9"]
[EventType "swiss"]
[EventDate "2008.05.10"]

1. d4 Nf6 2. Nf3 e6 3. Bg5 h6 4. Bh4 c5 5. e3 b6 6. Nbd2 Bb7 7. c3 d6 8. Bd3
cxd4 9. exd4 Nbd7 10. Qc2 Be7 11. Ne4 Nxe4 12. Bxe7 Qxe7 13. Bxe4 Bxe4 14. Qxe4
O-O 15. O-O Nf6 16. Qd3 Qb7 17. Rfe1 Rfc8 18. Nd2 b5 19. Ne4 Nxe4 20. Rxe4 b4
21. Rc1 bxc3 22. bxc3 Qb2 23. Qc2 Rab8 24. Re2 Qxc3 25. Kf1 Rb1 26. Qxc3 Rxc1+
27. Qe1 Rxe1+ 28. Kxe1 Rc4 29. Rd2 d5 30. Ke2 Ra4 31. Kd1 g5 32. Kc1 Kg7 33.
Kb2 h5 34. Kb3 Rc4 35. Ka3 a5 36. Rb2 Rxd4 37. Rb5 Rd3+ 38. Ka4 Rd2 39. Kb3
Rxf2 40. Rxa5 Rxg2 41. Rc5 Rxh2 42. a4 Rh3+ 43. Kb2 Rh4 44. a5 Rb4+ 0-1

[Event "DEM U16 2008"]
[Site "Willingen GER"]
[Date "2008.05.11"]
[Round "2"]
[White "Marx, Joschka"]
[Black "Wolff, Christoph"]
[Result "1-0"]
[Termination "normal"]
[Board "13"]
[WhiteElo "1930"]
[BlackElo "1709"]
[PlyCount "65"]
[WhiteFideId "24645869"]
[BlackFideId "24659495"]
[EventCountry "GER"]
[EventRounds "9"]
[EventType "swiss"]
[EventDate "2008.05.10"]

1. c4 c5 2. g3 g6 3. Bg2 Bg7 4. Nc3 e6 5. d3 Ne7 6. Nf3 Nbc6 7. O-O O-O 8. a3
d5 9. Qc2 b6 10. e3 Bb7 11. Rb1 Qc7 12. b4 cxb4 13. Nb5 Qd7 14. axb4 a6 15. Na3
d4 16. e4 f5 17. exf5 gxf5 18. b5 Ne5 19. Nxe5 Bxe5 20. Bxb7 Qxb7 21. Qe2 Ng6
22. f4 Bg7 23. Qxe6+ Kh8 24. bxa6 Rxa6 25. Nb5 Ra2 26. Rb2 Ra1 27. Nd6 Qa7 28.
Re2 Qa5 29. Nf7+ Rxf7 30. Qxf7 Qc5 31. Re8+ Nf8 32. Rfe1 b5 33. R8e7 1-0

[Event "DEM U16 2008"]
[Site "Willingen GER"]
[Date "2008.05.11"]
[Round "2"]
[White "Schneider, Jens"]
[Black "Völsgen, Georg"]
[Result "0-1"]
[Termination "normal"]
[Board "14"]
[WhiteElo "1796"]
[BlackElo "1884"]
[PlyCount "62"]
[WhiteFideId "24685771"]
[BlackFideId "24635901"]
[EventCountry "GER"]
[EventRounds "9"]
[EventType "swiss"]
[EventDate "2008.05.10"]

1. e4 e5 2. Nf3 Nc6 3. Bc4 Bc5 4. c3 Nf6 5. d4 exd4 6. cxd4 Bb4+ 7. Nc3 Nxe4 8.
O-O Bxc3 9. d5 Bf6 10. dxc6 O-O 11. Qd5 Nd6 12. cxd7 Bxd7 13. Bb3 Bc6 14. Qd1
Nf5 15. Qc2 Nd4 16. Nxd4 Qxd4 17. Rd1 Qg4 18. Bd5 Rad8 19. f3 Qd7 20. Bb3 Qxd1+
21. Qxd1 Rxd1+ 22. Bxd1 Re8 23. Kf2 Bd4+ 24. Kg3 Re6 25. h3 Re1 26. Bd2 Rf1 27.
Bc3 Bxc3 28. bxc3 Ba4 29. Rb1 Rxd1 30. Rxb7 Be8 31. Rxc7 a5 0-1

[Event "DEM U16 2008"]
[Site "Willingen GER"]
[Date "2008.05.12"]
[Round "3"]
[White "Heimann, Andreas"]
[Black "Geske, Julian"]
[Result "1-0"]
[Termination "normal"]
[Board "1"]
[WhiteElo "2390"]
[BlackElo "2206"]
[PlyCount "39"]
[WhiteFideId "24624632"]
[BlackFideId "24605263"]
[EventCountry "GER"]
[EventRounds "9"]
[EventType "swiss"]
[EventDate "2008.05.10"]

1. e4 d5 2. exd5 Qxd5 3. Nf3 Bg4 4. Be2 Nc6 5. d4 O-O-O 6. c4 Qf5 7. Be3 Nf6 8.
Nbd2 Bxf3 9. Nxf3 e5 10. d5 Bb4+ 11. Kf1 Ng4 12. Qb3 Nxe3+ 13. fxe3 Nb8 14. e4
Qxe4 15. Qxb4 Rxd5 16. Qc3 Rd6 17. Qxe5 Qc2 18. Qc3 Qe4 19. Kf2 Re8 20. Rhe1
1-0

[Event "DEM U16 2008"]
[Site "Willingen GER"]
[Date "2008.05.12"]
[Round "3"]
[White "Strunski, Andreas"]
[Black "Mazarov, Jürgen"]
[Result "1-0"]
[Termination "normal"]
[Board "2"]
[WhiteElo "2271"]
[BlackElo "2161"]
[PlyCount "81"]
[WhiteFideId "24606073"]
[BlackFideId "24617768"]
[EventCountry "GER"]
[EventRounds "9"]
[EventType "swiss"]
[EventDate "2008.05.10"]

1. d4 d5 2. c4 e6 3. Nc3 Nf6 4. cxd5 exd5 5. Bg5 Nbd7 6. e3 Be7 7. Bd3 O-O 8.
Nge2 Re8 9. O-O Nf8 10. b4 Ne4 11. Bxe7 Rxe7 12. Qc2 Nxc3 13. Qxc3 Re6 14. b5
Rh6 15. Rfc1 Ne6 16. Ng3 Bd7 17. Rab1 Qh4 18. h3 Qd8 19. Rb2 Rf6 20. a4 Be8 21.
Bf5 Rc8 22. Rbc2 g6 23. Bxe6 Rxe6 24. Ne2 g5 25. Qd3 f6 26. Qf5 Rd6 27. Qg4 Bg6
28. Rc5 h5 29. Qg3 h4 30. Qg4 f5 31. Qf3 Qd7 32. g3 g4 33. Qf4 hxg3 34. Qxg3
gxh3 35. Kh2 Kf7 36. Nf4 c6 37. bxc6 bxc6 38. Nd3 Kg7 39. Ne5 Qe6 40. Rg1 Rg8
41. Nxg6 1-0

[Event "DEM U16 2008"]
[Site "Willingen GER"]
[Date "2008.05.12"]
[Round "3"]
[White "Tkachuk, Konstantyn"]
[Black "Jorczik, Julian"]
[Result "0-1"]
[Termination "normal"]
[Board "3"]
[BlackTitle "FM"]
[WhiteElo "2145"]
[BlackElo "2339"]
[PlyCount "135"]
[WhiteFideId "24647330"]
[BlackFideId "24611719"]
[EventCountry "GER"]
[EventRounds "9"]
[EventType "swiss"]
[EventDate "2008.05.10"]

1. e4 c6 2. d4 d5 3. Nc3 dxe4 4. Nxe4 Bf5 5. Ng3 Bg6 6. h4 h6 7. Nf3 Nd7 8. h5
Bh7 9. Bd3 Bxd3 10. Qxd3 e6 11. Bf4 Ngf6 12. Ne4 Nxe4 13. Qxe4 Nf6 14. Qe2 Qd5
15. Be5 Be7 16. a3 O-O 17. c4 Qa5+ 18. Nd2 b5 19. c5 Rfd8 20. O-O Rd5 21. Nb1
Qd8 22. Nc3 Rd7 23. Rad1 a5 24. f4 b4 25. Na4 Nd5 26. Rd3 Qe8 27. Qg4 f6 28.
Qxe6+ Kh8 29. Bd6 Bxd6 30. Qxe8+ Rxe8 31. cxd6 Rxd6 32. g3 f5 33. Rc1 Nf6 34.
Rc5 Nxh5 35. Rxf5 Nf6 36. Rxa5 bxa3 37. bxa3 Re2 38. Nc3 Rc2 39. Rc5 Nd7 40.
Rc4 Re6 41. Kf1 Nf6 42. f5 Re8 43. Rxc6 Ng4 44. Re6 Rf8 45. Re2 Rc1+ 46. Kg2
Rxf5 47. a4 h5 48. Ne4 Rff1 49. Nd2 Rg1+ 50. Kf3 Rc8 51. Re4 g5 52. Rb3 Rf8+
53. Ke2 Rg2+ 54. Kd3 Nf2+ 55. Kc4 Nxe4 56. Nxe4 h4 57. gxh4 gxh4 58. Rh3 Rf4
59. Kd5 Rgg4 60. Re3 Kg7 61. Ke5 h3 62. Ng3 h2 63. Re2 Rxg3 64. Kxf4 h1=Q 65.
Kxg3 Qd5 66. Kf4 Qxd4+ 67. Re4 Qd6+ 68. Ke3 0-1

[Event "DEM U16 2008"]
[Site "Willingen GER"]
[Date "2008.05.12"]
[Round "3"]
[White "Hobusch, Alexander"]
[Black "Zelbel, Patrick"]
[Result "1-0"]
[Termination "normal"]
[Board "4"]
[WhiteElo "2034"]
[BlackElo "2246"]
[PlyCount "104"]
[WhiteFideId "24611387"]
[BlackFideId "24624322"]
[EventCountry "GER"]
[EventRounds "9"]
[EventType "swiss"]
[EventDate "2008.05.10"]

1. d4 Nf6 2. Nf3 g6 3. c4 Bg7 4. Nc3 O-O 5. e4 d6 6. Be2 e5 7. Be3 exd4 8. Nxd4
Re8 9. f3 c6 10. Bf2 d5 11. exd5 cxd5 12. O-O Nc6 13. c5 Bf8 14. Bb5 Bd7 15.
Bxc6 bxc6 16. b4 Nh5 17. Rb1 Qg5 18. Nce2 a5 19. a3 axb4 20. axb4 Ra2 21. Qc1
Qf6 22. Rb2 Bh6 23. Qb1 Ra3 24. Rb3 Raa8 25. Qc2 Bf4 26. Nxf4 Nxf4 27. Kh1 h5
28. Qd2 Ra4 29. Rd1 Kh7 30. Rc1 Rea8 31. b5 Ra2 32. Rc2 Ra1+ 33. Rc1 R1a2 34.
Rc2 Ra1+ 35. Rc1 Qg5 36. g3 Bh3 37. Be3 Qe7 38. gxf4 Qxc5 39. Rbc3 Qb4 40. R3c2
Qa4 41. bxc6 Ra3 42. c7 Qe8 43. f5 Rc8 44. Ra2 Rxa2 45. Qxa2 Qd7 46. Qc2 Qd6
47. Ne2 Qa3 48. Ng1 Bxf5 49. Qc3 Qa2 50. Bd4 Qa6 51. Qc6 Qd3 52. Qf6 Rg8 1-0

[Event "DEM U16 2008"]
[Site "Willingen GER"]
[Date "2008.05.12"]
[Round "3"]
[White "Graf, Felix"]
[Black "Hirneise, Jens"]
[Result "0-1"]
[Termination "normal"]
[Board "5"]
[WhiteElo "2225"]
[BlackElo "2202"]
[PlyCount "78"]
[WhiteFideId "24608904"]
[BlackFideId "24614734"]
[EventCountry "GER"]
[EventRounds "9"]
[EventType "swiss"]
[EventDate "2008.05.10"]

1. d4 Nf6 2. c4 g6 3. Nc3 Bg7 4. e4 d6 5. f3 O-O 6. Be3 a6 7. Nge2 Nbd7 8. d5
Ne5 9. Ng3 c6 10. Be2 b5 11. cxb5 cxd5 12. exd5 axb5 13. Bxb5 Bd7 14. Be2 Qc7
15. Bd4 Nc4 16. b3 Ne3 17. Bxe3 Qxc3+ 18. Kf2 h5 19. Re1 Ra5 20. Rc1 Qe5 21.
Bc4 h4 22. Nf1 Rxa2+ 23. Kg1 h3 24. Bf2 Qg5 25. g3 Rfa8 26. Rc2 Rxc2 27. Qxc2
Nxd5 28. Qe4 Bc6 29. f4 Qf5 30. Qxf5 gxf5 31. Bxd5 Bxd5 32. Rxe7 Bc3 33. Re3
Bg2 34. Rxc3 Ra1 35. Rc8+ Kh7 36. Rh8+ Kg6 37. Rg8+ Kh5 38. g4+ fxg4 39. Rh8+
Kg6 0-1

[Event "DEM U16 2008"]
[Site "Willingen GER"]
[Date "2008.05.12"]
[Round "3"]
[White "Eibl, Maximilian"]
[Black "Kaphle, Stephan"]
[Result "1-0"]
[Termination "normal"]
[Board "6"]
[WhiteElo "2001"]
[BlackElo "2136"]
[PlyCount "41"]
[WhiteFideId "24620092"]
[BlackFideId "24629103"]
[EventCountry "GER"]
[EventRounds "9"]
[EventType "swiss"]
[EventDate "2008.05.10"]

1. e4 c5 2. Nf3 d6 3. d4 cxd4 4. Nxd4 Nf6 5. Nc3 Nc6 6. f4 e5 7. Nf3 Be7 8. Bc4
O-O 9. O-O exf4 10. Kh1 Ne5 11. Bb3 Ng6 12. Nd4 Qa5 13. Bxf4 Nxf4 14. Rxf4 Qe5
15. Rf1 Ng4 16. Nf3 Qh5 17. Nd5 Bg5 18. Qd4 Bd7 19. h3 Be6 20. Nxg5 Bxd5 21.
Bxd5 1-0

[Event "DEM U16 2008"]
[Site "Willingen GER"]
[Date "2008.05.12"]
[Round "3"]
[White "Tiemann, Christoph"]
[Black "Nuber, Blasius"]
[Result "1/2-1/2"]
[Termination "normal"]
[Board "7"]
[WhiteElo "2077"]
[BlackElo "2093"]
[PlyCount "52"]
[WhiteFideId "24676900"]
[BlackFideId "24620289"]
[EventCountry "GER"]
[EventRounds "9"]
[EventType "swiss"]
[EventDate "2008.05.10"]

1. d4 d5 2. c4 c6 3. Nf3 Nf6 4. Qc2 e6 5. g3 Nbd7 6. Bg2 Be7 7. O-O O-O 8. b3
b6 9. Rd1 Bb7 10. Nc3 Rc8 11. e4 dxe4 12. Ng5 h6 13. Ngxe4 Nxe4 14. Nxe4 Nf6
15. Bb2 Qc7 16. Nxf6+ Bxf6 17. c5 Rfd8 18. Rac1 Rd7 19. b4 Rcd8 20. d5 exd5 21.
Bxf6 gxf6 22. Re1 Re7 23. Qf5 Rde8 24. Rxe7 Qxe7 25. Qg4+ Kh8 26. Qf4 Kh7
1/2-1/2

[Event "DEM U16 2008"]
[Site "Willingen GER"]
[Date "2008.05.12"]
[Round "3"]
[White "Völsgen, Georg"]
[Black "Kachibadze, Georg"]
[Result "1/2-1/2"]
[Termination "normal"]
[Board "8"]
[WhiteElo "1884"]
[BlackElo "2098"]
[PlyCount "88"]
[WhiteFideId "24635901"]
[BlackFideId "24640794"]
[EventCountry "GER"]
[EventRounds "9"]
[EventType "swiss"]
[EventDate "2008.05.10"]

1. e4 c5 2. Nf3 Nc6 3. d4 cxd4 4. Nxd4 Nf6 5. Nc3 d6 6. Be3 Ng4 7. Nxc6 bxc6 8.
Bg5 Qa5 9. Qd2 h6 10. Bh4 g5 11. Bg3 Bg7 12. f3 Ne5 13. Nd1 Qxd2+ 14. Kxd2 Be6
15. c3 Rb8 16. Kc2 f5 17. Be2 f4 18. Bf2 a5 19. g3 Rf8 20. gxf4 Rxf4 21. Bg3
Rf8 22. Rf1 Ng6 23. Ne3 Nf4 24. Bc4 Bh3 25. Rf2 Kd7 26. Bf1 Be6 27. Bc4 Bxc4
28. Nxc4 a4 29. Rd1 Rb5 30. Rfd2 Kc7 31. Ne3 Rfb8 32. Rb1 e6 33. Ng2 Be5 34. b4
axb3+ 35. Rxb3 Rc5 36. Ra3 Rcb5 37. Ra7+ R8b7 38. Rxb7+ Kxb7 39. Nxf4 gxf4 40.
Be1 Ra5 41. Kb3 Rb5+ 42. Kc2 d5 43. exd5 Rxd5 44. Re2 Ra5 1/2-1/2

[Event "DEM U16 2008"]
[Site "Willingen GER"]
[Date "2008.05.12"]
[Round "3"]
[White "Borgmeyer, Max"]
[Black "Jussupow, Alexander"]
[Result "0-1"]
[Termination "normal"]
[Board "9"]
[WhiteElo "2040"]
[BlackElo "2040"]
[PlyCount "46"]
[WhiteFideId "24615870"]
[BlackFideId "24613509"]
[EventCountry "GER"]
[EventRounds "9"]
[EventType "swiss"]
[EventDate "2008.05.10"]

1. e4 e6 2. d4 d5 3. Nc3 Bb4 4. e5 c5 5. a3 Bxc3+ 6. bxc3 Ne7 7. Nf3 b6 8. Bb5+
Bd7 9. Bd3 Ba4 10. O-O Nbc6 11. Re1 c4 12. Bf1 h6 13. Ra2 Kd7 14. Nd2 Nf5 15.
g3 g5 16. Nxc4 dxc4 17. d5 Na5 18. dxe6+ Ke7 19. Qg4 fxe6 20. Bxc4 Nxc4 21.
Qxc4 Qd7 22. Qg4 Bc6 23. Rd1 Qb7 0-1

[Event "DEM U16 2008"]
[Site "Willingen GER"]
[Date "2008.05.12"]
[Round "3"]
[White "Schulz, Jens"]
[Black "Marx, Joschka"]
[Result "0-1"]
[Termination "normal"]
[Board "10"]
[WhiteElo "1984"]
[BlackElo "1930"]
[PlyCount "68"]
[WhiteFideId "24675687"]
[BlackFideId "24645869"]
[EventCountry "GER"]
[EventRounds "9"]
[EventType "swiss"]
[EventDate "2008.05.10"]

1. e4 c5 2. Nf3 e6 3. d4 cxd4 4. Nxd4 a6 5. Nc3 Qc7 6. Bd3 Nf6 7. O-O d6 8. Nb3
Be7 9. f4 Nbd7 10. Qf3 b5 11. a3 Bb7 12. Bd2 Nb6 13. Rae1 d5 14. f5 e5 15. exd5
Nbxd5 16. Qg3 Bd6 17. Ne4 Nxe4 18. Bxe4 O-O-O 19. Na5 Ba8 20. c4 Bc5+ 21. Kh1
Nf4 22. Bxa8 Rxd2 23. Qxg7 Re8 24. Rxf4 Qxa5 25. Qxf7 Re7 26. Qxe7 Bxe7 27. Rg4
Rxb2 28. Rf1 Rf2 29. Rb1 Qxa3 30. cxb5 axb5 31. Bd5 Qd3 32. Rc1+ Rc2 33. Be6+
Kb7 34. Ra1 Qc3 0-1

[Event "DEM U16 2008"]
[Site "Willingen GER"]
[Date "2008.05.12"]
[Round "3"]
[White "Müller, Denis"]
[Black "Grünter, Martin"]
[Result "0-1"]
[Termination "normal"]
[Board "11"]
[WhiteElo "1915"]
[BlackElo "2040"]
[PlyCount "80"]
[WhiteFideId "4696140"]
[BlackFideId "24640352"]
[EventCountry "GER"]
[EventRounds "9"]
[EventType "swiss"]
[EventDate "2008.05.10"]

1. e4 c5 2. Nf3 d6 3. Bb5+ Nd7 4. d4 Ngf6 5. Nc3 cxd4 6. Qxd4 a6 7. Bxd7+ Bxd7
8. O-O e5 9. Qd3 h6 10. a4 b6 11. Be3 Qc7 12. a5 b5 13. Bb6 Qb7 14. Rfe1 Be7
15. Nd2 Bc6 16. Na2 Nd7 17. Nb4 O-O 18. Nf1 Nf6 19. h3 d5 20. Nxc6 Qxc6 21.
exd5 Nxd5 22. Rxe5 Nxb6 23. axb6 Bf6 24. Rd5 Qxb6 25. Kh1 Rfd8 26. c3 Rxd5 27.
Qxd5 Rd8 28. Qe4 b4 29. Qc4 bxc3 30. bxc3 Qb2 31. Ra2 Qxc3 32. Qe2 a5 33. g3
Qb4 34. Nd2 a4 35. Ne4 Bd4 36. Qc2 a3 37. Nd2 Bb2 38. Nc4 Rc8 39. Rxb2 axb2 40.
Qxb2 Qxc4 0-1

[Event "DEM U16 2008"]
[Site "Willingen GER"]
[Date "2008.05.12"]
[Round "3"]
[White "Dupont, Gabriel"]
[Black "Friedrich, Ricardo"]
[Result "0-1"]
[Termination "normal"]
[Board "12"]
[WhiteElo "1888"]
[BlackElo "1914"]
[PlyCount "48"]
[WhiteFideId "4634802"]
[BlackFideId "24667170"]
[EventCountry "GER"]
[EventRounds "9"]
[EventType "swiss"]
[EventDate "2008.05.10"]

1. d4 Nf6 2. c4 e5 3. dxe5 Ng4 4. Nf3 Nc6 5. e3 Bc5 6. Be2 Ngxe5 7. a3 a5 8.
Nc3 O-O 9. O-O Nxf3+ 10. Bxf3 Ne5 11. b3 Ra6 12. Ne4 Ba7 13. Bb2 Nxf3+ 14. Qxf3
Rg6 15. Bd4 Bxd4 16. exd4 d5 17. cxd5 Bg4 18. Qe3 f5 19. Nc5 f4 20. Qe4 Bf5 21.
Qe5 f3 22. g3 Qh4 23. Kh1 Qh3 24. Rg1 Qxh2+ 0-1

[Event "DEM U16 2008"]
[Site "Willingen GER"]
[Date "2008.05.12"]
[Round "3"]
[White "Schiffner, Kevin"]
[Black "Schneider, Jens"]
[Result "0-1"]
[Termination "normal"]
[Board "13"]
[WhiteElo "1928"]
[BlackElo "1796"]
[PlyCount "88"]
[WhiteFideId "24674940"]
[BlackFideId "24685771"]
[EventCountry "GER"]
[EventRounds "9"]
[EventType "swiss"]
[EventDate "2008.05.10"]

1. d4 d5 2. c4 e6 3. Nc3 c6 4. Nf3 dxc4 5. e4 b5 6. a4 Bb4 7. Bd2 a5 8. axb5
Bxc3 9. Bxc3 cxb5 10. b3 Bb7 11. bxc4 b4 12. Qb1 Qc7 13. Bd2 Ne7 14. Bd3 Nd7
15. O-O O-O 16. Qc1 e5 17. Be3 exd4 18. Bxd4 Nc5 19. Bb1 Nb3 20. Qb2 Nxd4 21.
Nxd4 Rfd8 22. Nf3 Qxc4 23. Ba2 Qb5 24. Ne5 Rf8 25. Rac1 Bxe4 26. Rfe1 Bd5 27.
Bb1 Qb7 28. f3 Rac8 29. Rcd1 Rc3 30. Qf2 Ng6 31. Qg3 Re8 32. Qh3 Be6 33. Qg3
Qe7 34. Re4 Bf5 35. Nxg6 Qa7+ 36. Kh1 Bxe4 37. Bxe4 hxg6 38. Qh3 Qe7 39. Qg3
Qc7 40. Qg5 Rc5 41. Qd2 b3 42. h3 a4 43. Ra1 Ra5 44. Qb4 Rb8 0-1

[Event "DEM U16 2008"]
[Site "Willingen GER"]
[Date "2008.05.12"]
[Round "3"]
[White "Wolff, Christoph"]
[Black "Löhrke, Michael"]
[Result "0-1"]
[Termination "normal"]
[Board "14"]
[WhiteElo "1709"]
[BlackElo "1832"]
[PlyCount "58"]
[WhiteFideId "24659495"]
[EventCountry "GER"]
[EventRounds "9"]
[EventType "swiss"]
[EventDate "2008.05.10"]

1. e4 e6 2. d4 d5 3. e5 c5 4. c3 Nc6 5. Nf3 cxd4 6. cxd4 Bb4+ 7. Bd2 Qb6 8.
Bxb4 Qxb4+ 9. Qd2 Bd7 10. Nc3 Nge7 11. a3 Qb6 12. Bb5 Nxe5 13. Nxe5 Bxb5 14. b4
Nc6 15. Nf3 O-O 16. a4 Bc4 17. b5 Nb4 18. Ne5 Qxd4 19. Qxd4 Nc2+ 20. Kd1 Nxd4
21. Nxc4 dxc4 22. Rc1 Rfd8 23. Ke1 a6 24. f3 axb5 25. axb5 Nb3 26. Rb1 Rd3 27.
Ne4 Ra2 28. Rg1 c3 29. Rxb3 c2 0-1

[Event "DEM U16 2008"]
[Site "Willingen GER"]
[Date "2008.05.13"]
[Round "4"]
[White "Strunski, Andreas"]
[Black "Heimann, Andreas"]
[Result "0-1"]
[Termination "normal"]
[Board "1"]
[WhiteElo "2271"]
[BlackElo "2390"]
[PlyCount "92"]
[WhiteFideId "24606073"]
[BlackFideId "24624632"]
[EventCountry "GER"]
[EventRounds "9"]
[EventType "swiss"]
[EventDate "2008.05.10"]

1. d4 d5 2. c4 e6 3. Nc3 c5 4. cxd5 cxd4 5. Qxd4 Nc6 6. Qa4 exd5 7. e4 dxe4 8.
Bf4 Bb4 9. Bb5 Bxc3+ 10. bxc3 Qf6 11. Qxe4+ Nge7 12. Ne2 O-O 13. O-O Bf5 14.
Qf3 a6 15. Ba4 Be6 16. Rfd1 Bc4 17. Nd4 Bd5 18. Qg3 Nxd4 19. cxd4 Nf5 20. Qg4
Qg6 21. h3 Nh4 22. f3 Qxg4 23. hxg4 Ng6 24. Bd6 Rfc8 25. Rab1 b5 26. Bb3 Bxb3
27. Rxb3 Rc2 28. a3 Rd8 29. Bg3 Rd5 30. Re3 Kf8 31. Be1 f6 32. Bb4+ Kf7 33. g3
Ne5 34. g5 Nc6 35. gxf6 gxf6 36. Re4 a5 37. Be1 b4 38. axb4 axb4 39. Rh4 h5 40.
Kf1 b3 41. Rd3 b2 42. Rb3 Nxd4 43. Rb7+ Kg6 44. Re4 Rb5 45. Rxb5 Nxb5 46. Rb4
Na3 0-1

[Event "DEM U16 2008"]
[Site "Willingen GER"]
[Date "2008.05.13"]
[Round "4"]
[White "Hirneise, Jens"]
[Black "Hobusch, Alexander"]
[Result "1-0"]
[Termination "normal"]
[Board "2"]
[WhiteElo "2202"]
[BlackElo "2034"]
[PlyCount "83"]
[WhiteFideId "24614734"]
[BlackFideId "24611387"]
[EventCountry "GER"]
[EventRounds "9"]
[EventType "swiss"]
[EventDate "2008.05.10"]

1. e4 e6 2. d4 d5 3. Nc3 Nf6 4. Bg5 dxe4 5. Nxe4 Nbd7 6. Nxf6+ Nxf6 7. Nf3 c5
8. Bc4 a6 9. a4 Be7 10. O-O O-O 11. Qe2 Qb6 12. a5 Qc7 13. Rfd1 cxd4 14. Rxd4
Bd7 15. Bf4 Qc5 16. c3 Bc6 17. Ne5 Bd5 18. Bd3 Rfd8 19. Nc4 Qc6 20. Ne5 Qc5 21.
Bg5 h6 22. Bd2 Qc7 23. b4 Bd6 24. f4 Bc6 25. Rc4 Bxe5 26. fxe5 Rxd3 27. Qxd3
Qxe5 28. Re1 Qb5 29. Qd4 Qd5 30. Qxd5 Bxd5 31. Rd4 Rc8 32. Rc1 Bc4 33. Bf4 Nd5
34. Bd6 Nf6 35. Be5 Bd5 36. c4 Bc6 37. Rcd1 Kh7 38. Rd8 Rxd8 39. Rxd8 Nd7 40.
Bd6 Kg6 41. Rc8 Nf6 42. b5 1-0